[Event "Foment Martinenc op-A 23rd"]
[Site "Barcelona"]
[Date "2023.05.13"]
[Round "4"]
[White "Turuguet Lopez, Josep Lluis"]
[Black "Abad Sanmartin, Jorge"]
[Result "1/2-1/2"]
[WhiteElo "1791"]
[BlackElo "1820"]
[PlyCount "105"]
[EventDate "2023.04.22"]
[EventType "swiss"]
[EventRounds "9"]
[EventCountry "ESP"]
[SourceTitle "EXT 2024"]
[Source "ChessBase"]
[SourceDate "2023.10.10"]
[SourceVersion "1"]
[SourceVersionDate "2023.10.10"]
[SourceQuality "1"]

1. Nf3 c5 2. c4 Nc6 3. Nc3 g6 4. e4 Bg7 5. d3 e6 6. Be3 Nd4 7. Be2 Ne7 8. 0-0 Nec6 9. Nb5 Nxb5 10. cxb5 Nd4 11. Nxd4 cxd4 12. Bd2 0-0 13. a4 Re8 14. Rc1 b6 15. Qc2 Bb7 16. Qc7 Qxc7 17. Rxc7 Rab8 18. Rxd7 Be5 19. f4 Bg7 20. Rc1 Red8 21. Rxd8+ Rxd8 22. Rc7 Rb8 23. Bb4 Bf8 24. Bxf8 Kxf8 25. Rd7 Ke8 26. Rxd4 Rc8 27. Kf2 Rc2 28. Rb4 Rc1 29. Ke3 Rb1 30. Bf3 Kd7 31. Rd4+ Ke7 32. Rc4 Kd7 33. Rc2 Ra1 34. b3 Rb1 35. Rc3 Rb2 36. h3 Ba8 37. e5 Bxf3 38. Kxf3 h6 39. g3 Rd2 40. Kg4 Rg2 41. Kf3 Rd2 42. g4 Rh2 43. Kg3 Re2 44. d4 Rd2 45. Rf3 Rxd4 46. f5 exf5 47. gxf5 g5 48. Re3 Rb4 49. Kf3 Rf4+ 50. Kg3 Rxf5 51. Rd3+ Ke7 52. Rc3 Kd7 53. Rd3+ 1/2-1/2

[Event "Foment Martinenc op-A 20th"]
[Site "Barcelona"]
[Date "2018.06.02"]
[Round "7"]
[White "Perez Pastora, Evaristo"]
[Black "Abad Sanmartin, Jorge"]
[Result "1/2-1/2"]
[WhiteElo "2134"]
[BlackElo "1907"]
[PlyCount "78"]
[EventDate "2018.04.21"]
[EventType "swiss"]
[EventRounds "9"]
[EventCountry "ESP"]
[SourceTitle "CBM 184 Extra"]
[Source "ChessBase"]
[SourceDate "2018.06.28"]
[SourceVersion "1"]
[SourceVersionDate "2018.06.28"]
[SourceQuality "1"]

1. e4 e6 2. d4 d5 3. Nc3 dxe4 4. Nxe4 Bd7 5. Bd3 Bc6 6. Nf3 Nd7 7. Qe2 Ngf6 8. Bd2 Nxe4 9. Bxe4 Bxe4 10. Qxe4 c6 11. 0-0-0 Be7 12. Kb1 Qb6 13. Ne5 Nf6 14. Qf4 0-0 15. c4 Rad8 16. Bc3 Bb4 17. Bxb4 Qxb4 18. Rd3 Qd6 19. Rhd1 Nd7 20. Qe4 f6 21. Nf3 b5 22. c5 Qd5 23. Qg4 a5 24. Re3 Nxc5 25. Ree1 f5 26. Qh4 Ne4 27. Rc1 a4 28. Qe7 Rd6 29. Rc5 Nxc5 30. Re5 Rd7 31. Rxd5 Rxe7 32. Rxc5 Rc7 33. Kc2 h6 34. Kc3 Ra8 35. Ne5 Ra6 36. h4 g5 37. hxg5 hxg5 38. g4 Kg7 39. gxf5 exf5 1/2-1/2

[Event "Foment Martinenc op-A 20th"]
[Site "Barcelona"]
[Date "2018.04.21"]
[Round "1"]
[White "Abad Sanmartin, Jorge"]
[Black "Munoz Pantoja, Miguel Angel"]
[Result "1/2-1/2"]
[WhiteElo "1907"]
[BlackElo "2504"]
[PlyCount "78"]
[EventDate "2018.04.21"]
[EventType "swiss"]
[EventRounds "9"]
[EventCountry "ESP"]
[SourceTitle "CBM 184 Extra"]
[Source "ChessBase"]
[SourceDate "2018.06.28"]
[SourceVersion "1"]
[SourceVersionDate "2018.06.28"]
[SourceQuality "1"]

1. d4 Nf6 2. Bg5 c5 3. d5 b5 4. Bxf6 exf6 5. e4 b4 6. Nd2 g6 7. Nc4 d6 8. Bd3 Bg7 9. Ne2 0-0 10. 0-0 Bb7 11. Nf4 Bh6 12. Qf3 Nd7 13. Nh5 Bg5 14. h4 Bh6 15. Nxd6 f5 16. Qg3 Kh8 17. Nxb7 Qb6 18. exf5 Qxb7 19. Nf4 Ne5 20. Nxg6+ fxg6 21. Qxe5+ Bg7 22. Qe3 Bd4 23. Qh6 gxf5 24. Rae1 Qxd5 25. Qh5 Qd7 26. b3 Rf6 27. Re2 Qg7 28. Qf3 Raf8 29. Rfe1 Qh6 30. h5 Bc3 31. Rd1 Qg5 32. Bc4 Rh6 33. Rd7 Rxh5 34. Ree7 Bd4 35. g3 Rh6 36. Kg2 Qg4 37. Qxg4 fxg4 38. Rf7 Rxf7 39. Rxf7 Rf6 1/2-1/2

[Event "Barcelona Tres Peons-H 45th"]
[Site "Barcelona"]
[Date "2016.06.10"]
[Round "9.2"]
[White "Abad Sanmartin, Jorge"]
[Black "Molano Lafuente, Ismael"]
[Result "1/2-1/2"]
[WhiteElo "2077"]
[BlackElo "2037"]
[PlyCount "58"]
[EventDate "2016.04.15"]
[EventType "swiss"]
[EventRounds "9"]
[EventCountry "ESP"]
[SourceTitle "EXT 2024"]
[Source "ChessBase"]
[SourceDate "2023.10.10"]
[SourceVersion "1"]
[SourceVersionDate "2023.10.10"]
[SourceQuality "1"]

1. d4 c6 2. e4 d5 3. Nc3 b5 4. a3 Nf6 5. e5 Nfd7 6. f4 e6 7. Nf3 b4 8. axb4 Bxb4 9. Bd2 c5 10. Ne2 Bxd2+ 11. Qxd2 Nc6 12. c3 Na5 13. Nc1 c4 14. Be2 Rb8 15. 0-0 Qb6 16. Bd1 0-0 17. Bc2 Ba6 18. f5 f6 19. fxe6 Nxe5 20. Nxe5 fxe5 21. Rxf8+ Rxf8 22. e7 Re8 23. Qg5 exd4 24. Qxd5+ Kh8 25. cxd4 Bb7 26. Qf5 Qxd4+ 27. Kh1 Kg8 28. Qe6+ Kh8 29. Qf5 Kg8 1/2-1/2

[Event "Barcelona Tres Peons-H 45th"]
[Site "Barcelona"]
[Date "2016.05.20"]
[Round "6.3"]
[White "Povill Claros, Xavier"]
[Black "Abad Sanmartin, Jorge"]
[Result "1-0"]
[WhiteElo "2129"]
[BlackElo "2077"]
[PlyCount "61"]
[EventDate "2016.04.15"]
[EventType "swiss"]
[EventRounds "9"]
[EventCountry "ESP"]
[SourceTitle "EXT 2024"]
[Source "ChessBase"]
[SourceDate "2023.10.10"]
[SourceVersion "1"]
[SourceVersionDate "2023.10.10"]
[SourceQuality "1"]

1. d4 Nf6 2. c4 e6 3. Nc3 Bb4 4. e3 Bxc3+ 5. bxc3 d5 6. Ba3 Nc6 7. Nf3 Ne7 8. Bd3 0-0 9. 0-0 b6 10. cxd5 exd5 11. Qc2 Bg4 12. Ne5 Bh5 13. Bb5 c5 14. dxc5 Qc7 15. Nd3 Bg6 16. cxb6 axb6 17. Qb2 Rfc8 18. Bb4 Nc6 19. Nf4 Qe5 20. Bxc6 Rxc6 21. Rfd1 Bf5 22. Qd2 Rd8 23. a4 g5 24. Ne2 Ne4 25. Qd4 Qc7 26. a5 b5 27. Ng3 Nxg3 28. hxg3 Rh6 29. a6 Be4 30. Ba5 Qc8 31. Qxe4 1-0

[Event "Barcelona-A 1st"]
[Site "Barcelona"]
[Date "2015.12.07"]
[Round "5"]
[White "Sama Salinas, Hector"]
[Black "Abad Sanmartin, Jorge"]
[Result "1/2-1/2"]
[WhiteElo "1934"]
[BlackElo "2085"]
[PlyCount "25"]
[EventDate "2015.12.05"]
[EventType "tourn"]
[EventRounds "7"]
[EventCountry "ESP"]
[SourceTitle "EXT 2024"]
[Source "ChessBase"]
[SourceDate "2023.10.10"]
[SourceVersion "1"]
[SourceVersionDate "2023.10.10"]
[SourceQuality "1"]

1. e4 c5 2. Nf3 Nc6 3. d4 cxd4 4. c3 dxc3 5. Nxc3 e6 6. Bc4 a6 7. 0-0 Qc7 8. Qe2 Nf6 9. Rd1 Be7 10. h3 d6 11. Bf4 Nd7 12. Rac1 Nde5 13. Bb3 1/2-1/2

[Event "Barcelona La Lira op-A 11th"]
[Site "Barcelona"]
[Date "2008.07.26"]
[Round "8.4"]
[White "Abad Sanmartin, Jorge"]
[Black "Mas Recorda, Pere"]
[Result "1/2-1/2"]
[WhiteElo "2171"]
[BlackElo "2112"]
[PlyCount "23"]
[EventDate "2008.07.19"]
[EventType "tourn"]
[EventRounds "9"]
[EventCountry "ESP"]
[SourceTitle "EXT 2024"]
[Source "ChessBase"]
[SourceDate "2023.10.10"]
[SourceVersion "1"]
[SourceVersionDate "2023.10.10"]
[SourceQuality "1"]

1. d4 e6 2. c4 f5 3. Nc3 Nf6 4. Nf3 Bb4 5. Bd2 0-0 6. Qc2 d6 7. e3 Bxc3 8. Bxc3 Ne4 9. Bd3 Nxc3 10. Qxc3 Qf6 11. Rc1 Nc6 12. d5 1/2-1/2

[Event "Barcelona La Lira op-A 11th"]
[Site "Barcelona"]
[Date "2008.07.21"]
[Round "3.2"]
[White "Abad Sanmartin, Jorge"]
[Black "Molano Lafuente, Ismael"]
[Result "1-0"]
[WhiteElo "2171"]
[BlackElo "2140"]
[PlyCount "57"]
[EventDate "2008.07.19"]
[EventType "tourn"]
[EventRounds "9"]
[EventCountry "ESP"]
[SourceTitle "EXT 2024"]
[Source "ChessBase"]
[SourceDate "2023.10.10"]
[SourceVersion "1"]
[SourceVersionDate "2023.10.10"]
[SourceQuality "1"]

1. d4 d5 2. Nf3 Nc6 3. c3 Bg4 4. Bf4 f6 5. Nbd2 Qd7 6. e3 e6 7. Bb5 Bd6 8. Bg3 Nge7 9. e4 a6 10. Be2 Ng6 11. Bxd6 Qxd6 12. h3 Bxf3 13. Bxf3 Nce7 14. 0-0 c6 15. Re1 0-0 16. Qb3 Qd7 17. Re3 Rae8 18. Rae1 f5 19. exd5 exd5 20. Bh5 f4 21. R3e2 Nf5 22. Rxe8 Rxe8 23. Rxe8+ Qxe8 24. Qxb7 Qe1+ 25. Nf1 Ne3 26. fxe3 fxe3 27. Qxa6 Qf2+ 28. Kh1 Nf4 29. Qc8# 1-0

[Event "Catalunya-chT"]
[Site "Spain"]
[Date "2004.??.??"]
[Round "?"]
[White "Abad Sanmartin, Jorge"]
[Black "Panelo Munoz, Marcelo A"]
[Result "0-1"]
[WhiteElo "2120"]
[BlackElo "2335"]
[PlyCount "76"]
[EventDate "2004.??.??"]
[EventType "team"]
[EventRounds "9"]
[EventCountry "ESP"]
[SourceTitle "EXT 2007"]
[Source "ChessBase"]
[SourceDate "2006.11.23"]
[SourceVersion "1"]
[SourceVersionDate "2006.11.23"]
[SourceQuality "1"]

1. d4 d5 2. Nf3 Nf6 3. c4 c6 4. Nc3 e6 5. cxd5 exd5 6. Bg5 Be7 7. Qc2 g6 8. e3 Bf5 9. Bd3 Bxd3 10. Qxd3 0-0 11. 0-0 Nbd7 12. Rab1 a5 13. a3 Re8 14. Bf4 Nh5 15. Rfc1 Nxf4 16. exf4 a4 17. Re1 Nb6 18. Ne5 Bd6 19. Re2 Kg7 20. g3 f6 21. Nf3 Rxe2 22. Qxe2 Qd7 23. Re1 Nc4 24. Qc2 b5 25. Nd2 Nb6 26. Na2 Rc8 27. Qd3 Bf8 28. Nc3 Rd8 29. Re3 Kf7 30. h4 Qf5 31. Qxf5 gxf5 32. Ne2 Nc4 33. Nxc4 dxc4 34. Rc3 c5 35. d5 Rxd5 36. Rc2 b4 37. Kg2 c3 38. bxc3 b3 0-1

[Event "Castelldefels-A"]
[Site "Castelldefels"]
[Date "2001.??.??"]
[Round "9"]
[White "Abad Sanmartin, Jorge"]
[Black "Serrano Pertinez, Miquel"]
[Result "0-1"]
[WhiteElo "2195"]
[BlackElo "2290"]
[PlyCount "130"]
[EventDate "2001.05.??"]
[EventType "tourn"]
[EventRounds "9"]
[EventCountry "ESP"]
[SourceTitle "EXT 2002"]
[Source "ChessBase"]
[SourceDate "2001.11.25"]
[SourceVersion "1"]
[SourceVersionDate "2001.11.25"]
[SourceQuality "1"]

1. d4 e6 2. e4 d5 3. Nc3 Bb4 4. e5 c5 5. a3 Ba5 6. b4 cxd4 7. Qxd4 Bb6 8. Qd3 Nc6 9. Nf3 Nge7 10. Bg5 Qc7 11. Nb5 Qb8 12. Nd6+ Kf8 13. Be2 Ng6 14. Nxc8 Qxc8 15. 0-0 Ngxe5 16. Nxe5 Nxe5 17. Qg3 f6 18. Rac1 Kf7 19. Kh1 Nc4 20. Bh4 Rf8 21. f4 Kg8 22. Rf3 Nd2 23. Bd3 Qc6 24. Re3 f5 25. Re5 Bd4 26. Re2 Ne4 27. Qf3 b5 28. g4 a5 29. gxf5 exf5 30. Rd1 axb4 31. axb4 Ra4 32. Bxe4 fxe4 33. Qb3 Ra1 34. Rxa1 Bxa1 35. Rxe4 Kh8 36. Re2 d4+ 37. Kg1 Rxf4 38. Qg3 Rf8 39. Rg2 Qh6 40. Bg5 Qe6 41. Bf4 d3 42. Be3 Qa2 43. Rf2 Rxf2 44. Bxf2 h6 45. Qxd3 Qb1+ 46. Kg2 Qxb4 47. Qd8+ Kh7 48. Qd3+ g6 49. Bg3 h5 50. Kf3 Qg4+ 51. Ke3 h4 52. Bf4 Bb2 53. Bb8 Bc1+ 54. Kf2 Bf4 55. Bxf4 Qxf4+ 56. Kg2 Qg4+ 57. Kh1 h3 58. Qf1 Kg7 59. Qa1+ Kf7 60. Qf1+ Qf5 61. Qxf5+ gxf5 62. Kg1 Kf6 63. Kf2 f4 64. Kf3 Kf5 65. c3 Ke5 0-1

[Event "Catalunya-chA"]
[Site "Spain"]
[Date "1996.11.03"]
[Round "5"]
[White "Miralles Brugues, Jordi"]
[Black "Abad Sanmartin, Jorge"]
[Result "1-0"]
[WhiteElo "2160"]
[BlackElo "2115"]
[PlyCount "123"]
[EventDate "1997.??.??"]
[EventType "swiss"]
[EventRounds "8"]
[EventCountry "ESP"]
[SourceTitle "EXT 2003"]
[Source "ChessBase"]
[SourceDate "2002.11.25"]
[SourceVersion "1"]
[SourceVersionDate "2002.11.25"]
[SourceQuality "1"]

1. e4 c6 2. d4 d5 3. Nd2 dxe4 4. Nxe4 Bf5 5. Ng3 Bg6 6. N1e2 e6 7. Nf4 Bd6 8. h4 Bxf4 9. Bxf4 h6 10. c3 Nf6 11. Bd3 Bxd3 12. Qxd3 0-0 13. 0-0-0 Qa5 14. Kb1 Rd8 15. Qf3 Na6 16. Bxh6 Rd7 17. Rhe1 c5 18. Re5 Ne8 19. Qg4 Qc7 20. Bf4 cxd4 21. Rxe6 Qc8 22. Ree1 Nf6 23. Qf5 dxc3 24. Rxd7 c2+ 25. Kc1 Nxd7 26. Qxc2 Nb4 27. Qxc8+ Rxc8+ 28. Kb1 Nf6 29. Rc1 Re8 30. Be3 b6 31. a3 Nbd5 32. Bg5 Re7 33. Rd1 Rc7 34. Ne4 Nxe4 35. Rxd5 Nxf2 36. Rd4 f5 37. Rf4 Ne4 38. Rxf5 Nxg5 39. Rxg5 Kf7 40. Re5 Kf6 41. Re3 Kf5 42. g3 Kg4 43. b4 b5 44. Kb2 a6 45. a4 Rc6 46. a5 g6 47. Kb3 Kh3 48. Re8 Kxg3 49. Rb8 Rf6 50. Rb6 Rf3+ 51. Kb2 Rf2+ 52. Kc3 Rf3+ 53. Kd4 Rf4+ 54. Kd5 Rf5+ 55. Kc6 Kxh4 56. Rxa6 g5 57. Ra8 g4 58. a6 g3 59. a7 Rg5 60. Rh8+ Kg4 61. a8Q g2 62. Rg8 1-0

[Event "Catalunya-chA"]
[Site "Spain"]
[Date "1996.10.20"]
[Round "3"]
[White "Fernandez Diaz Mascort, Miguel"]
[Black "Abad Sanmartin, Jorge"]
[Result "0-1"]
[WhiteElo "2225"]
[BlackElo "2115"]
[PlyCount "102"]
[EventDate "1997.??.??"]
[EventType "swiss"]
[EventRounds "8"]
[EventCountry "ESP"]
[SourceTitle "EXT 2003"]
[Source "ChessBase"]
[SourceDate "2002.11.25"]
[SourceVersion "1"]
[SourceVersionDate "2002.11.25"]
[SourceQuality "1"]

1. Nc3 d5 2. e4 dxe4 3. Nxe4 Nf6 4. Nxf6+ exf6 5. Bc4 Bd6 6. d4 0-0 7. Ne2 Bf5 8. 0-0 Nc6 9. c3 Qd7 10. Ng3 Bg6 11. f4 Ne7 12. Qf3 b5 13. Be2 f5 14. Qf2 Rae8 15. b3 c6 16. a4 a6 17. axb5 axb5 18. Bf3 Nd5 19. Ne2 Qc7 20. Rd1 Rxe2 21. Bxe2 Nxc3 22. Rf1 f6 23. Bd3 Ne4 24. Bxe4 fxe4 25. Be3 Bf7 26. Rfb1 Bd5 27. Qd2 Re8 28. Ra2 Qf7 29. Qc3 Qg6 30. Rba1 Qg4 31. Ra8 Rxa8 32. Rxa8+ Kf7 33. Ra7+ Kg6 34. h3 Qg3 35. Qd2 Bxb3 36. Ra1 Bc4 37. Qc1 Bd3 38. Ra7 Kf5 39. Rd7 Ke6 40. d5+ Kxd7 41. Qxc6+ Ke7 42. Qb7+ Kf8 43. Qc8+ Kf7 44. Qe6+ Kg6 45. f5+ Kh5 46. Qf7+ Kh4 47. Bf2 Bc5 48. Bxc5 e3 49. Bd6 Qxd6 50. Qxg7 h5 51. Qh6 Qe5 0-1